Combats avec tes défenseurs /

Enregistré dans:
Détails bibliographiques
Auteur principal: Emmanuel, Pierre (autor)
Autres auteurs: Maritain, Jacques (prefacio) (prefacio)
Format: Livre
Langue:français
Publié: Montreal, Canadá : Lucien Parizeau, 1946, c1946
Collection:(Les Grands Poètes d'Aujourd'hui)
Sujets:
Tags: Ajouter un tag
Pas de tags, Soyez le premier à ajouter un tag!

MARC

LEADER 00000nam^a2200000^a^4500
001 000341558
005 20250521000000.0
009 20260310114527.585
037 |a Acervo ITESO - Biblioteca 
041 |a FRA 
082 |a 841.  |b EMM 
100 |a Emmanuel, Pierre  |e (autor) 
245 1 0 |a Combats avec tes défenseurs /  |c P. Emmanuel ; pref. de J. Maritain. 
264 4 |a Montreal, Canadá :  |b Lucien Parizeau,  |c 1946, c1946 
300 |a 55 p. 
336 |a texto  |b txt  |2 rdacontenido 
337 |a sin mediación  |b n  |2 rdamedio 
338 |a volumen  |b nc  |2 rdasoporte 
440 4 |a (Les Grands Poètes d'Aujourd'hui) 
561 |a Ex libris de Ignacio Díaz Morales 
649 |a XX 
650 |a Poesía Francesa 
650 |a Literatura Francesa -  |y Siglo XX 
700 |a Maritain, Jacques  |e (prefacio) 
910 |a Fondo Ignacio Díaz Morales 
920 |a Impresos - Libros 
930 |a Arquitectos Jaliscienses 
940 |a Literatura 
905 |a 114 
901 |a 0500231769  |b IT1  |c JAL  |i D62050  |u 20250521 
902 |a https://opac.biblio.iteso.mx/vufind/Record/000341558